00282nam a2200121Ia 45000030006000000080041000060400015000471000022000622450025000842600022001095460012001310050017001430STCL150530s9999 xx 000 0 und d aSTCLcSTCL aMoore Raymond, C. aInvertebrate fossils bMcgraw hillc1952 aEnglish20220125170449.0